| 000 | 00683cam a22002173a 4500 | ||
|---|---|---|---|
| 001 | 43978 | ||
| 003 | PGUSA | ||
| 005 | 20140828084012.0 | ||
| 008 | 131019s2013||||xxu|||||s|||||000 | eng d | ||
| 040 |
_aPGUSA _beng |
||
| 042 | _adc | ||
| 100 | 1 |
_aGripenberg, Alexandra, friherrinna, _d1857-1913 |
|
| 245 | 1 | 0 |
_aUudesta Maailmasta : _bHajanaisia matkakuvia Amerikasta _h[electronic resource] / _cAlexandra, friherrinna Gripenberg |
| 260 |
_bProject Gutenberg, _c2013 |
||
| 506 | _aPublic domain in the USA. | ||
| 516 | _aElectronic text | ||
| 700 | 1 |
_aAsp, Hilda, _d1862-1891 |
|
| 830 | 0 |
_aProject Gutenberg _v43978 |
|
| 856 | 4 | 0 | _uhttp://www.gutenberg.org/ebooks/43978 |
| 942 | _cEB | ||
| 999 |
_c273229 _d273229 |
||